|
|
|
|
| LEADER |
00000cam a2200000 a 4500 |
| 001 |
vtls009941202 |
| 003 |
SK-MaSNL |
| 005 |
20260331205057.0 |
| 008 |
230629s2009 xo o g 001 0aslo |
| 015 |
|
|
|a SNBA2009/09-04955
|
| 020 |
|
|
|a 9788089410033 (viaz.)
|
| 035 |
|
|
|a 1C399553-E996-4D5D-B7E6-A69FC57F650A
|
| 035 |
|
|
|a urn:nbn:sk:snk-amk8z4
|
| 035 |
|
|
|a urn:nbn:sk:snk-am008cpd
|
| 040 |
|
|
|a SNK
|b slo
|c SNK
|e AACR2
|
| 041 |
0 |
|
|a slo
|
| 043 |
|
|
|a e-xo---
|
| 044 |
|
|
|a xo
|c SK
|
| 072 |
|
7 |
|a 792
|x Divadlo. Divadelné predstavenia
|2 konspekt
|
| 072 |
|
7 |
|a 929
|x Biografie
|2 konspekt
|
| 080 |
|
|
|a 792.077
|2 2001
|
| 080 |
|
|
|a 792.05
|2 2001
|
| 080 |
|
|
|a 792.027
|2 2001
|
| 080 |
|
|
|a (437.6)
|2 2001
|
| 080 |
|
|
|a (0:82-94)
|2 2001
|
| 080 |
|
|
|a (048.8)
|2 2001
|
| 100 |
1 |
|
|a Oľha, Štefan,
|d 1936-2009
|4 pht
|9 110776
|
| 245 |
1 |
0 |
|a Ochotníci a profesionáli
|b svedectvá a pamäti
|c Štefan Oľha ; [foto: Štefan Hudák ... [et al.]]
|
| 250 |
|
|
|a [1. vyd.]
|
| 260 |
|
|
|a Turany
|b P + M
|c 2009
|
| 300 |
|
|
|a 185 s.
|b fotogr.
|c 25 cm
|
| 366 |
|
|
|e 500 výt.
|
| 500 |
|
|
|a Annálie Štefana Oľhu
|
| 504 |
|
|
|a Reg. mien. Výpis z ochotníckych aktivít
|
| 600 |
1 |
7 |
|a Oľha, Štefan,
|d 1936-2009
|2 SNKMA
|9 110776
|
| 650 |
0 |
7 |
|a ochotnícke divadlo
|2 SNKPH
|9 3349
|
| 650 |
0 |
7 |
|a divadlá
|2 SNKPH
|9 29113
|
| 650 |
0 |
7 |
|a divadelná dramaturgia
|2 SNKPH
|9 73590
|
| 650 |
0 |
7 |
|a Dramaturgy
|2 SNKPeng
|9 132149
|
| 650 |
0 |
7 |
|a Theaters
|2 SNKPHeng
|9 266595
|
| 650 |
0 |
7 |
|a Amateur theater
|2 SNKPHeng
|9 266162
|
| 651 |
|
7 |
|a Slovensko
|2 SNKPHgeo
|9 14231
|
| 651 |
|
7 |
|a Slovakia
|2 SNKPHeng
|9 92630
|
| 655 |
|
7 |
|a spomienky
|2 SNKPH
|9 29509
|
| 655 |
|
7 |
|a monografie
|2 SNKPH
|9 70139
|
| 655 |
|
7 |
|a Reminiscences
|2 SNKPHeng
|9 93477
|
| 655 |
|
7 |
|a Monographs
|2 SNKPHeng
|9 120675
|
| 700 |
1 |
|
|a Hudák, Štefan,
|d 1939-
|4 pht
|9 5314
|
| 852 |
|
|
|a Akadémia umení v Banskej Bystrici
|
| 919 |
|
|
|a 978-80-89410-03-3
|
| 958 |
|
|
|a LX
|
| 958 |
|
|
|a OND
|
| 968 |
|
|
|d 791/792
|
| 999 |
|
|
|c 832017
|d 833947
|
| 952 |
|
|
|a SNK
|b SNK
|y PREZ
|7 0
|p 17A0628828
|o snkSC 136951
|i snk2009/15248
|8 0
|0 0
|1 0
|4 0
|d 2009-08-19
|l 0
|r 2025-07-03 00:00:00
|w 2026-02-24
|
| 952 |
|
|
|a SNK
|b SNK
|y VYP
|7 0
|p 17A0628827
|o snkSC 136951 D1
|i snk2009/15249
|8 0
|0 0
|1 0
|4 0
|d 2009-08-19
|f 1
|l 0
|r 2026-02-24 03:41:58
|w 2026-02-24
|